[Event "HUN-chT2 Maroczy 1718"]
[Site "Hungary"]
[Date "2017.11.26"]
[Round "2.12"]
[White "Jakab, Kincso"]
[Black "Fekete, Agnes"]
[Result "1-0"]
[WhiteElo "1928"]
[BlackElo "1881"]
[PlyCount "105"]
[EventDate "2017.10.29"]
[EventType "team-tourn"]
[EventRounds "9"]
[EventCountry "HUN"]
[SourceTitle "EXT 2021"]
[Source "ChessBase"]
[SourceDate "2020.10.23"]
[SourceVersion "1"]
[SourceVersionDate "2020.10.23"]
[SourceQuality "1"]
[WhiteTeam "Debrecen Sakkiskola"]
[BlackTeam "Kisujszallas"]
[WhiteTeamCountry "HUN"]
[BlackTeamCountry "HUN"]

1. d4 Nf6 2. Bf4 c5 3. e3 Nc6 4. c3 cxd4 5. exd4 d5 6. Bd3 Bg4 7. Qb3 Qd7 8. h3 Bh5 9. Nd2 e6 10. Ngf3 Bxf3 11. Nxf3 Bd6 12. Ne5 Qc7 13. Nxc6 Bxf4 14. Nb4 0-0 15. 0-0 a6 16. a4 Nd7 17. a5 Qd8 18. Be2 Bc7 19. Qa4 Qe7 20. Nd3 Qd6 21. g3 Qe7 22. Qd1 f5 23. f4 Nf6 24. Ne5 Ne4 25. Qe1 Bxe5 26. dxe5 Rad8 27. Bf3 Rd7 28. Kh2 Qc5 29. Qe2 Rc8 30. Rfd1 Rcd8 31. Rd4 Qe7 32. Rg1 Rc8 33. Rgd1 Rdc7 34. Qe1 Rc5 35. Ra1 Qc7 36. Rda4 Rc4 37. Be2 Rxa4 38. Rxa4 Qc5 39. Bf3 Rd8 40. Qe2 Rc8 41. Kg2 Qe7 42. Qe3 Rc5 43. g4 g6 44. c4 Qc7 45. Bxe4 fxe4 46. Qd4 Rxa5 47. Rb4 Ra1 48. Qa7 e3 49. Qa8+ Kg7 50. Rxb7 Qxb7 51. Qxb7+ Kg8 52. Qa8+ Kg7 53. Qa7+ 1-0

[Event "EU-ch U18 Girls 27th"]
[Site "Mamaia"]
[Date "2017.09.14"]
[Round "9"]
[White "Jakab, Kincso"]
[Black "O'Gorman, Alice"]
[Result "1/2-1/2"]
[WhiteElo "1944"]
[BlackElo "1894"]
[PlyCount "91"]
[EventDate "2017.09.05"]
[EventType "swiss"]
[EventRounds "9"]
[EventCountry "ROU"]
[SourceTitle "EXT 2018"]
[Source "ChessBase"]
[SourceDate "2017.10.13"]
[SourceVersion "1"]
[SourceVersionDate "2017.10.13"]
[SourceQuality "1"]

1. d4 d5 2. Bf4 Nf6 3. e3 c5 4. c3 Qb6 5. Qb3 c4 6. Qc2 Nc6 7. Nd2 g6 8. e4 dxe4 9. Nxc4 Qd8 10. Ne3 h6 11. Be2 Bg7 12. Rd1 Qa5 13. b4 Qd8 14. d5 Nb8 15. c4 0-0 16. a3 b6 17. f3 exf3 18. Bxf3 Bb7 19. Ne2 Nbd7 20. 0-0 Qc8 21. Nd4 Re8 22. h4 a5 23. Rfe1 axb4 24. axb4 Ra6 25. Nb5 Rf8 26. Rc1 Ba8 27. c5 bxc5 28. bxc5 Ra5 29. Qb1 Qb7 30. Be2 Nxd5 31. Nxd5 Qxd5 32. Bf3 Qf5 33. Bc7 Rxb5 34. Qxb5 Bd4+ 35. Kh2 Bxf3 36. gxf3 Ne5 37. Bxe5 Bxe5+ 38. Kg2 Qf4 39. Qd3 Qg3+ 40. Kf1 Qh3+ 41. Ke2 Ra8 42. Rf1 Bg3 43. Rc2 Qh2+ 44. Kd1 Ra1+ 45. Rc1 Ra2 46. Rc2 1/2-1/2

[Event "ROM-ch (Women)"]
[Site "Calimanesti Caciulata"]
[Date "2017.03.28"]
[Round "4"]
[White "Jakab, Kincso"]
[Black "Visanescu, Daria Ioana"]
[Result "0-1"]
[WhiteElo "1973"]
[BlackElo "2036"]
[PlyCount "68"]
[EventDate "2017.03.25"]
[EventType "swiss"]
[EventRounds "9"]
[EventCountry "ROU"]
[SourceTitle "CBM 177 Extra"]
[Source "ChessBase"]
[SourceDate "2017.04.27"]
[SourceVersion "1"]
[SourceVersionDate "2017.04.27"]
[SourceQuality "1"]

1. d4 d5 2. Nf3 c5 3. dxc5 e6 4. e4 Bxc5 5. Nc3 Nf6 6. Bb5+ Nc6 7. Bg5 Be7 8. Bxf6 Bxf6 9. exd5 Bxc3+ 10. bxc3 exd5 11. 0-0 0-0 12. Bxc6 bxc6 13. Qd4 Bf5 14. Ne5 Qc7 15. Nd3 Rfe8 16. f3 Re2 17. Rf2 Re7 18. Qc5 Bxd3 19. cxd3 Rae8 20. g3 h5 21. Kg2 Re3 22. Rd1 R8e6 23. f4 h4 24. c4 hxg3 25. hxg3 Qe7 26. Qd4 Rg6 27. Rf3 Re2+ 28. Rf2 Qh4 29. Rxe2 Rxg3+ 30. Kf2 Rxd3+ 31. Kg2 Qg3+ 32. Kf1 Qf3+ 33. Ke1 Qh1+ 34. Kf2 Rf3# 0-1

[Event "ROM-ch (Women)"]
[Site "Calimanesti Caciulata"]
[Date "2017.03.25"]
[Round "1"]
[White "Peptan, Corina Isabela"]
[Black "Jakab, Kincso"]
[Result "1-0"]
[WhiteElo "2390"]
[BlackElo "1973"]
[PlyCount "61"]
[EventDate "2017.03.25"]
[EventType "swiss"]
[EventRounds "9"]
[EventCountry "ROU"]
[SourceTitle "CBM 177 Extra"]
[Source "ChessBase"]
[SourceDate "2017.04.27"]
[SourceVersion "1"]
[SourceVersionDate "2017.04.27"]
[SourceQuality "1"]

1. c4 e6 2. Nf3 d5 3. d4 c6 4. e3 f5 5. Bd3 Nf6 6. Qc2 Ne4 7. 0-0 Bd6 8. b3 Qe7 9. a4 Na6 10. c5 Nb4 11. cxd6 Nxc2 12. dxe7 Nxa1 13. Nbd2 Nxd2 14. Nxd2 Nxb3 15. Nxb3 Kxe7 16. Ba3+ Kf6 17. Na5 Rd8 18. f3 Kf7 19. Rb1 Rd7 20. Bb4 g5 21. Be1 Kg8 22. Bg3 b6 23. Nxc6 Bb7 24. Bb5 Rg7 25. Ne5 Rc7 26. a5 bxa5 27. Bd7 Kg7 28. Be1 Rd8 29. Bxe6 Re7 30. Bxa5 Rd6 31. Bxf5 1-0

[Event "Wch U16 Girls"]
[Site "Khanty-Mansiysk"]
[Date "2016.09.26"]
[Round "5"]
[White "Jakab, Kincso"]
[Black "Vazquez Maccarini, Danitza"]
[Result "1/2-1/2"]
[WhiteElo "1893"]
[BlackElo "2142"]
[PlyCount "74"]
[EventDate "2016.09.22"]
[EventType "swiss"]
[EventRounds "11"]
[EventCountry "RUS"]
[SourceTitle "EXT 2017"]
[Source "ChessBase"]
[SourceDate "2016.10.25"]
[SourceVersion "1"]
[SourceVersionDate "2016.10.25"]
[SourceQuality "1"]

1. d4 Nf6 2. Nf3 e6 3. Bf4 b6 4. e3 Bb7 5. h3 Bd6 6. Bxd6 cxd6 7. Bd3 d5 8. Nbd2 d6 9. Qe2 Nbd7 10. c4 0-0 11. 0-0 Qe7 12. cxd5 Nxd5 13. Bc4 N7f6 14. e4 Nf4 15. Qe3 Ng6 16. e5 dxe5 17. dxe5 Nd5 18. Bxd5 Bxd5 19. a3 Qb7 20. Rfe1 Rac8 21. Rac1 Rxc1 22. Rxc1 Rc8 23. Rc3 h6 24. g3 Ne7 25. Qd4 Bxf3 26. Nxf3 Nd5 27. Rxc8+ Qxc8 28. Kg2 Qc6 29. h4 a5 30. h5 b5 31. Qh4 Qc2 32. Qd8+ Kh7 33. Qxa5 Qxb2 34. Qa7 Qe2 35. Qd4 Kg8 36. Qa7 Kh7 37. Qd4 Kg8 1/2-1/2

[Event "ROM-ch U16 Girls"]
[Site "Calimanesti Caciulata"]
[Date "2016.04.25"]
[Round "9"]
[White "Mos, Maria Magdalena"]
[Black "Jakab, Kincso"]
[Result "0-1"]
[WhiteElo "1575"]
[BlackElo "1869"]
[PlyCount "68"]
[EventDate "2016.04.18"]
[EventType "swiss"]
[EventRounds "9"]
[EventCountry "ROU"]
[SourceTitle "EXT 2017"]
[Source "ChessBase"]
[SourceDate "2016.10.25"]
[SourceVersion "1"]
[SourceVersionDate "2016.10.25"]
[SourceQuality "1"]

1. e4 c5 2. Nc3 e6 3. f4 d5 4. d3 Nc6 5. g3 Nge7 6. Bg2 g6 7. Nf3 Bg7 8. Bd2 0-0 9. 0-0 Rb8 10. Rb1 b5 11. a3 Qb6 12. Kh1 a5 13. a4 b4 14. Ne2 c4 15. Qc1 Ba6 16. dxc4 Bxc4 17. Re1 b3 18. exd5 Nxd5 19. c3 Bd3 20. Ra1 Rfc8 21. Neg1 Ncb4 22. Be3 Nxe3 23. Rxe3 Bf5 24. Nd4 Bxd4 25. Re2 Nd3 26. Qf1 Nf2+ 27. Rxf2 Bxf2 28. Nf3 Rxc3 29. Ne5 Rc7 30. Rd1 Bd4 31. Nf3 Bxb2 32. Re1 Rbc8 33. Qe2 Rc2 34. Qd1 Rd8 0-1

[Event "ROM-ch U16 Girls"]
[Site "Calimanesti Caciulata"]
[Date "2016.04.23"]
[Round "7"]
[White "Nastase, Andreea Cristina"]
[Black "Jakab, Kincso"]
[Result "1/2-1/2"]
[WhiteElo "2009"]
[BlackElo "1869"]
[PlyCount "77"]
[EventDate "2016.04.18"]
[EventType "swiss"]
[EventRounds "9"]
[EventCountry "ROU"]
[SourceTitle "CBM 172 Extra"]
[Source "ChessBase"]
[SourceDate "2016.06.21"]
[SourceVersion "1"]
[SourceVersionDate "2016.06.21"]
[SourceQuality "1"]

1. e4 c5 2. Nf3 e6 3. d4 cxd4 4. Nxd4 a6 5. c4 Nf6 6. Nc3 Qc7 7. Be3 b6 8. Be2 Bb7 9. f3 d6 10. 0-0 Be7 11. Qc2 0-0 12. f4 g6 13. g4 e5 14. Nb3 exf4 15. Bxf4 Nbd7 16. Nd4 Nc5 17. Nd5 Qd8 18. Bf3 Nxd5 19. exd5 Bg5 20. Qd2 Bxf4 21. Qxf4 Nd3 22. Qd2 Ne5 23. b3 Qh4 24. Qf2 Qxf2+ 25. Kxf2 Bc8 26. Kg3 f5 27. Nc6 Nxf3 28. Rxf3 fxg4 29. Ne7+ Kg7 30. Rxf8 Kxf8 31. Nxc8 Rxc8 32. Rf1+ Kg7 33. Re1 Rf8 34. Kxg4 h6 35. h4 Rf5 36. Re7+ Rf7 37. Re6 Rf6 38. Re7+ Rf7 39. Re6 1/2-1/2

[Event "ROM-chT (Women)"]
[Site "Mamaia"]
[Date "2015.10.08"]
[Round "6.1"]
[White "Nastase, Andreea Cristina"]
[Black "Jakab, Kincso"]
[Result "1/2-1/2"]
[WhiteElo "1892"]
[BlackElo "1768"]
[PlyCount "93"]
[EventDate "2015.10.03"]
[EventType "team-tourn"]
[EventRounds "9"]
[EventCountry "ROU"]
[SourceTitle "CBM 168 Extra"]
[Source "ChessBase"]
[SourceDate "2015.10.29"]
[SourceVersion "1"]
[SourceVersionDate "2015.10.29"]
[SourceQuality "1"]
[WhiteTeam "Bucharest Central CC (W)"]
[BlackTeam "Timisoara Medicina (W)"]
[WhiteTeamCountry "ROU"]
[BlackTeamCountry "ROU"]

1. d4 f5 2. c4 e6 3. Nc3 Nf6 4. e3 d5 5. Bd3 c6 6. Qc2 Ne4 7. Nge2 Bd6 8. c5 Bc7 9. b4 0-0 10. 0-0 Rf6 11. g3 g5 12. f3 Nxc3 13. Qxc3 h6 14. e4 fxe4 15. fxe4 Rxf1+ 16. Kxf1 Qf6+ 17. Kg2 dxe4 18. Bxe4 e5 19. Bb2 exd4 20. Qxd4 Qxd4 21. Bxd4 Bg4 22. Bd3 Nd7 23. Bc4+ Kh7 24. Rf1 Rf8 25. Bd3+ Kg8 26. Bc4+ Kh7 27. Rxf8 Nxf8 28. Nc3 Be6 29. Bd3+ Kg8 30. a4 a6 31. Be4 Bd7 32. b5 axb5 33. axb5 Ne6 34. Ne2 Ba5 35. bxc6 Bxc6 36. Bxc6 bxc6 37. Bf2 Bb4 38. Nd4 Nxd4 39. Bxd4 g4 40. Kf2 Bd2 41. Be3 Bb4 42. Bxh6 Bxc5+ 43. Be3 Bb4 44. Bb6 Kf7 45. Ke3 Bd6 46. Ke4 Ke6 47. Bd4 1/2-1/2

[Event "ROM-ch U16 Girls"]
[Site "Calimanesti"]
[Date "2015.04.03"]
[Round "6"]
[White "Jakab, Kincso"]
[Black "Stanciu, Andreea Briana"]
[Result "1/2-1/2"]
[WhiteElo "1791"]
[BlackElo "1859"]
[PlyCount "43"]
[EventDate "2015.03.30"]
[EventType "swiss"]
[EventRounds "9"]
[EventCountry "ROU"]
[SourceTitle "CBM 165 Extra"]
[Source "ChessBase"]
[SourceDate "2015.04.21"]
[SourceVersion "1"]
[SourceVersionDate "2015.04.21"]
[SourceQuality "1"]

1. e4 e5 2. Bc4 Nf6 3. d3 c6 4. Nf3 d5 5. Bb3 dxe4 6. Ng5 Be6 7. Bxe6 fxe6 8. Nxe4 Nxe4 9. dxe4 Qxd1+ 10. Kxd1 Nd7 11. Be3 Bc5 12. Ke2 Bxe3 13. Kxe3 Ke7 14. Nd2 Nb6 15. h4 Rad8 16. b3 c5 17. Nf3 Nd7 18. Rad1 Rc8 19. Rd2 Rc7 20. Rhd1 g6 21. Rh1 h6 22. Rhd1 1/2-1/2

[Event "HUN-chT2 Barcza 1415"]
[Site "Hungary"]
[Date "2014.11.30"]
[Round "?"]
[White "Szuhai, Beata Barbara"]
[Black "Jakab, Kincso"]
[Result "1/2-1/2"]
[WhiteElo "1631"]
[BlackElo "1715"]
[PlyCount "72"]
[EventDate "2014.09.07"]
[EventType "team-tourn"]
[EventRounds "11"]
[EventCountry "HUN"]
[SourceTitle "EXT 2016"]
[Source "ChessBase"]
[SourceDate "2015.10.08"]
[SourceVersion "1"]
[SourceVersionDate "2015.10.08"]
[SourceQuality "1"]
[WhiteTeam "Edeleny"]
[BlackTeam "Debrecen Sakkiskola"]
[WhiteTeamCountry "HUN"]
[BlackTeamCountry "HUN"]

1. e4 d5 2. exd5 Qxd5 3. Nc3 Qd6 4. Bc4 c6 5. d3 Nf6 6. Nf3 Bg4 7. Qe2 Nbd7 8. Ne4 Nxe4 9. Qxe4 Nf6 10. Qe2 e6 11. h3 Bxf3 12. Qxf3 Qe5+ 13. Qe3 Bb4+ 14. Kd1 Qd6 15. Qg5 Rg8 16. Bf4 Qc5 17. c3 Qxg5 18. Bxg5 Bd6 19. Re1 Kd7 20. Kc2 h6 21. Bh4 a5 22. a4 Rgb8 23. d4 Nd5 24. Bxd5 cxd5 25. Bg3 Rc8 26. Bxd6 Kxd6 27. Kd3 Ra6 28. Re3 Rb6 29. Kc2 Rbc6 30. Kd2 Rb6 31. Ra2 Rb3 32. Kc2 Rb6 33. Kd2 Rb3 34. Rf3 Ke7 35. Kc2 Rb6 36. Kd2 Rc4 1/2-1/2

[Event "ROM-ch U14 Girls"]
[Site "Calimanesti"]
[Date "2014.04.13"]
[Round "9"]
[White "Szijarto, Andreea Irene"]
[Black "Jakab, Kincso"]
[Result "1/2-1/2"]
[WhiteElo "1454"]
[BlackElo "1703"]
[PlyCount "85"]
[EventDate "2014.04.06"]
[EventType "swiss"]
[EventRounds "9"]
[EventCountry "ROU"]
[SourceTitle "CBM 160 Extra"]
[Source "ChessBase"]
[SourceDate "2014.07.01"]
[SourceVersion "1"]
[SourceVersionDate "2014.07.01"]
[SourceQuality "1"]

1. e4 d5 2. exd5 Qxd5 3. Nc3 Qd6 4. d4 c6 5. Nf3 Bg4 6. Bc4 e6 7. Be3 Nd7 8. h3 Bh5 9. Qd2 Qc7 10. 0-0-0 Ngf6 11. Rhe1 0-0-0 12. a3 Bd6 13. g4 Bg6 14. Bg5 h6 15. Bxf6 gxf6 16. Qe2 Bf4+ 17. Kb1 Rhe8 18. Nh4 Bh7 19. Nf5 Rh8 20. Ne3 Nb6 21. Ba2 Rd7 22. Ng2 f5 23. Qf3 Bg5 24. h4 fxg4 25. Qxg4 Bf5 26. Qf3 Bf6 27. Ne3 Bxh4 28. Nxf5 exf5 29. Qxf5 Kb8 30. Rh1 Bg5 31. Ne4 Qf4 32. Qxf4+ Bxf4 33. Rh4 Bc7 34. Ng5 f6 35. Nf7 Rh7 36. Nxh6 Be5 37. c3 c5 38. Be6 Rd8 39. d5 Rdh8 40. Rdh1 Rd8 41. Rd1 Rdh8 42. Rdh1 Rd8 43. Rd1 1/2-1/2

[Event "ROM-ch U14 Girls"]
[Site "Calimanesti"]
[Date "2014.04.09"]
[Round "5"]
[White "Matei, Ana Maria"]
[Black "Jakab, Kincso"]
[Result "0-1"]
[WhiteElo "1511"]
[BlackElo "1703"]
[PlyCount "58"]
[EventDate "2014.04.06"]
[EventType "swiss"]
[EventRounds "9"]
[EventCountry "ROU"]
[SourceTitle "CBM 160 Extra"]
[Source "ChessBase"]
[SourceDate "2014.07.01"]
[SourceVersion "1"]
[SourceVersionDate "2014.07.01"]
[SourceQuality "1"]

1. d4 c5 2. c3 cxd4 3. cxd4 d5 4. Nc3 Nf6 5. Nf3 Nc6 6. Bf4 a6 7. e3 Bf5 8. Bd3 Bxd3 9. Qxd3 e6 10. 0-0 Be7 11. Rac1 0-0 12. h3 Rc8 13. a3 b5 14. Ne5 Na5 15. Rc2 Nc4 16. Nxc4 bxc4 17. Qe2 Bd6 18. Bxd6 Qxd6 19. Rb1 Rb8 20. Qd2 Rfc8 21. Qc1 Rb3 22. Na2 Ne4 23. Qe1 Rcb8 24. Nb4 a5 25. Na2 Qb6 26. Qe2 Rxa3 27. Nc1 g6 28. Kf1 Ra4 29. b3 Rb4 0-1

[Event "ROM-ch U14 Girls"]
[Site "Calimanesti"]
[Date "2014.04.08"]
[Round "3"]
[White "Jidovu, Alexandra Irina"]
[Black "Jakab, Kincso"]
[Result "0-1"]
[WhiteElo "1313"]
[BlackElo "1703"]
[PlyCount "88"]
[EventDate "2014.04.06"]
[EventType "swiss"]
[EventRounds "9"]
[EventCountry "ROU"]
[SourceTitle "CBM 160 Extra"]
[Source "ChessBase"]
[SourceDate "2014.07.01"]
[SourceVersion "1"]
[SourceVersionDate "2014.07.01"]
[SourceQuality "1"]

1. c4 c5 2. g3 Nc6 3. Bg2 g6 4. e3 Bg7 5. Ne2 e5 6. a3 Nge7 7. Nbc3 d6 8. 0-0 0-0 9. d3 Be6 10. Rb1 d5 11. b3 Rb8 12. Re1 h6 13. Rf1 f5 14. Kh1 Bf7 15. Kg1 Qd7 16. Kh1 Rfd8 17. Bb2 b6 18. Kg1 d4 19. exd4 Nxd4 20. Nc1 a6 21. Ba1 b5 22. h3 Rb6 23. Re1 Rbb8 24. Rf1 b4 25. axb4 Rxb4 26. N3a2 Rb6 27. Nc3 Qd6 28. Na4 Rbb8 29. Nc3 Be8 30. Re1 Bc6 31. Bxc6 Qxc6 32. Re3 h5 33. f4 Qd6 34. Re1 Rd7 35. Rf1 Bh6 36. Qd2 Kh7 37. Rf2 Rdb7 38. Qd1 exf4 39. gxf4 Bxf4 40. N1e2 Be3 41. Nxd4 Bxd4 42. Na4 Qg3+ 43. Kh1 Bxf2 44. Qe2 Qxh3# 0-1

[Event "ROM-ch U14 Girls"]
[Site "Calimanesti"]
[Date "2014.04.06"]
[Round "1"]
[White "Rohlicek, Anca Elena"]
[Black "Jakab, Kincso"]
[Result "0-1"]
[WhiteElo "1376"]
[BlackElo "1703"]
[PlyCount "60"]
[EventDate "2014.04.06"]
[EventType "swiss"]
[EventRounds "9"]
[EventCountry "ROU"]
[SourceTitle "CBM 160 Extra"]
[Source "ChessBase"]
[SourceDate "2014.07.01"]
[SourceVersion "1"]
[SourceVersionDate "2014.07.01"]
[SourceQuality "1"]

1. e4 d5 2. exd5 Qxd5 3. Nc3 Qd6 4. Nf3 c6 5. Be2 Bg4 6. 0-0 Nd7 7. d3 Ngf6 8. Be3 e6 9. Qd2 Qc7 10. h3 Bh5 11. g4 Bg6 12. Nh4 Bd6 13. f4 0-0-0 14. Rab1 Nb6 15. b4 h6 16. a4 Nfd5 17. Ng2 Nxe3 18. Qxe3 Kb8 19. Qd2 f5 20. Kh1 fxg4 21. hxg4 Bf7 22. Kg1 g5 23. Rf3 gxf4 24. Nxf4 Rhg8 25. Rf2 h5 26. Ne4 hxg4 27. Nxd6 Qxd6 28. Rg2 e5 29. Bxg4 exf4 30. a5 Nd5 0-1